12. Österreichische Geotechniktagung. Theorie & Praxis des Spezialtiefbaus :

Salvato in:
Dettagli Bibliografici
Ente Autore: Österreichische Geotechniktagung Viedeň, Rakúsko
Natura: Atti del Convegno Libro
Lingua:tedesco
Pubblicazione: Wien : Österreichischer Ingenieur- und Architekten-Verein, 2019
Edizione:1. vyd.
Tags: Aggiungi Tag
Nessun Tag, puoi essere il primo ad aggiungerne!!

MARC

LEADER 00000nam a22000003a 4500
001 0071679
003 SK-STU
005 20190212133418.7
007 ta
008 170209s ----xo-----e------100-0-----d
020 |a 978-3-902593-03-0 
040 |a STU  |b slo 
041 0 |a ger 
044 |a au 
111 2 |a Österreichische Geotechniktagung  |n 12.  |d 31. 1. - 1. 2. 2019  |c Viedeň, Rakúsko 
245 1 0 |a 12. Österreichische Geotechniktagung. Theorie & Praxis des Spezialtiefbaus :  |h Tagungsbeiträge. Wien, Österreich, 31. Jänner + 1. Februar 2019 
250 |a 1. vyd. 
260 |a Wien :  |b Österreichischer Ingenieur- und Architekten-Verein,  |c 2019 
300 |a 378 s. 
996 |c V* 2599/sc-19  |l VV5  |s P  |a 0  |w 0071679_0001